Historiavisat: 2000-luku - Statistics

Yleistilastot
  • Tätä visaa on pelattu 170 kertaa
  • Keskiarvotulos 9 / 16
Vastaustilastot
% Oikein
2004 Intian valtamerellä tapahtui 9,1 magnitudin _____ maanjäristys
88%
2008 _____ sai Nobelin rauhanpalkinnon Martti Ahtisaari
88%
2002 1. maaliskuuta _____ käyttö päättyi Suomessa markan
83%
2005 Videopalvelu _____ avattiin YouTube
82%
2001 Kaksi lentokonetta ohjattiin päin _____-kaksoistorneja(tornien nimi, 3 sanaa) World Trade Center
81%
2006 Suomen suurin työllistäjä oli _____ Nokia
74%
2003 Suomen ensimmäiseksi naispääministeriksi valittiin _____ Anneli Jäätteenmäki
69%
2004 Suomen vakavin tieliikenneonnettomuus tapahtui _____ Konginkankaalla
64%
2001 Kuusi suomalaista maastohiihtäjää jäi kiinni _____-infuusionesteen käytöstä Hemohes
51%
2000 Tarja Halonen valittiin presidentiksi voitettuaan _____ Esko Ahon
45%
2009 Maailmanlaajuinen _____pandemia alkoi sikainfluenssa
45%
2006 Euroviisut järjestettiin _____ Ateenassa
36%
2008 _____ voitti olympiakultaa trap-ammunnassa (viimeisin suomalainen kesäkisojen olympiavoitto) Satu Mäkelä-Nummela
33%
2006 _____ hajosi, kun toinen valtioista julistautui itsenäiseksi Serbia ja Montenegro
32%
2007 Tieliikelaitos otti käyttöön uuden nimen _____ Destia
21%
2004 191 ihmistä kuoli junapommi-iskuissa _____ Madridissa
19%
Ehtoja vastaavia visoja ei löytynyt
Tulosjakauma
Jokaisen tuloksen saaneiden osuus
Persentiili vastausten määrän mukaan
Tuloshistoriasi
Et ole pelannut tätä visaa